| 000 | 00627nam a2200241Ia 4500 | ||
|---|---|---|---|
| 003 | OSt | ||
| 005 | 20221006153752.0 | ||
| 006 | a|||||r|||| 00| 0 | ||
| 007 | ta | ||
| 008 | 221006b |||||||| |||| 00| 0 chi d | ||
| 020 | _a9784789012621 | ||
| 024 | _a33,295 | ||
| 037 | _cAnnuals, Advances | ||
| 040 |
_aEASL _cEASL _bchi |
||
| 041 |
_2chi _achi |
||
| 082 | _aV49B:19.P7, P7 | ||
| 245 | 0 | _aEast Asian Strategic Review 2007 | |
| 260 |
_aTokyo _bThe Japan times _c2007 |
||
| 300 |
_axiii,253p. _ccm. |
||
| 490 | _v Oth | ||
| 942 |
_hV49B:19.P7, P7 _cREF _2CC |
||
| 999 |
_c1101381 _d1101381 |
||